Classement cumulé JO + Jeux paralympiques 2024 - les 33 premiers pays - Statistiques

Statistiques générales
  • Ce quiz a été pris 14 fois
  • Le résultat moyen est 6 sur 33
Statistiques - réponses
Or Argent Bronze Total Pays Rang officiel Rang par nbre % Correct
134 103 74 311 Chine 1 1
100%
76 86 69 231 Etats-Unis 2 2
93%
63 66 60 189 Royaume-Uni 3 3
79%
35 54 50 139 France 7 4
50%
36 36 44 116 Australie 5 5
36%
42 24 24 90 Pays-Bas 4 9
36%
36 28 47 111 Italie 6 6
29%
34 22 30 86 Japon 8 10
21%
25 33 36 94 Ukraine 10 8
21%
22 27 33 82 Allemagne 11 11
14%
28 43 48 109 Brésil 9 7
14%
8 0 6 14 Algérie 24 31
7%
19 16 21 56 Canada 13 14
7%
19 19 24 62 Corée-du-Sud 12 12
7%
12 15 31 58 Espagne 15 13
7%
11 11 7 29 Nouvelle-Zélande 18 23
7%
18 11 10 39 Ouzbékistan 14 15
7%
9 10 14 33 Pologne 20 21
7%
8 14 15 36 Thaïlande 22 17
7%
6 4 8 18 Azerbaïdjan 28 27
0%
6 4 8 18 Azerbaïdjan 28 27
0%
10 5 9 24 Belgique 19 25
0%
7 10 15 32 Colombie 26 22
0%
8 4 7 19 Cuba 23 26
0%
11 13 10 34 Hongrie 17 20
0%
7 10 18 35 Inde 25 19
0%
11 16 10 37 Iran 16 16
0%
5 3 5 13 Irlande 33 33
0%
5 7 5 17 Israël 31 29
0%
5 4 6 15 Norvège 32 30
0%
9 10 10 29 Suisse 21 23
0%
6 4 4 14 Tunisie 30 31
0%
6 13 17 36 Turquie 27 17
0%
Aucun quiz correspondant
Distribution des résultats
% des personnes avec chaque résultat
Percentile par nombre de réponses
Votre historique - résultats
Vous n’avez pas pris ce quiz